Matematická analýza 3

Na minha lista:
Detalhes bibliográficos
Autor principal: Voráček, Jan
Autor Corporativo: Vysoké učení technické v Brně
Outros Autores: Zapletal, Josef, Zástěra, Bohumil
Formato: Livro
Idioma:tcheco
Publicado em: Praha Státní nakladatelství technické literatury 1984
Tags: Adicionar Tag
Sem tags, seja o primeiro a adicionar uma tag!

MARC

LEADER 00000nam a2200000 4500
001 c113338
005 20190425111813.3
041 0 |a cze 
044 |a CZ 
245 1 0 |a Matematická analýza 3  |c Jan Voráček, Josef Zapletal, Bohumil Zástěra 
264 1 |a Praha  |b Státní nakladatelství technické literatury  |c 1984 
300 |a 175 s. 
100 1 |a Voráček, Jan 
700 1 |a Zapletal, Josef 
700 1 |a Zástěra, Bohumil 
710 2 |a Vysoké učení technické v Brně